00462 2200181 4500001002100000008004100021035002000062245005300082100001900135250000600154260003800160300001200198020002200210084001400232082000800246650001400254990001200268INLIS000000000001166 ind  a0010-0524000401 aGetaran Dan GelombangcProf. Yohanes Surya, Ph.D aSurya, Yohanes a1 aTangerang :bPT. KandelcMei 2017 a212 hlm a978-602-6878-32-8 a530 YOH g a530 aNon Fiksi a0744928